00472 a2200145 4500020001500000040001300015082001200028100001900040245008800059260005400147300003600201650003600237650003400273700001900307 a0534408516 aDLCbDLC00a621.3821 aAgrawal, D. P.10aIntroduction to wireless and mobile systems cDharma Prakesh Agrawal, Qing-An Zeng. aPacific Grove, CA :bThomson Brooks/Cole,cc2003. axviii, 438 p. :bill. ;c24 cm. 0aWireless communication systems. 0aMobile communication systems.1 aZeng, Qing-An.